000 00618nam a22002052 4500
001 0000024531
005 20151217154512.0
008 131220s xx 000 0 eng d
020 _a0199647088 :
040 _aKABU
_cKABU
245 1 0 _aRealizing utopia :
_bthe future of international law /
_cedited by Antonio Cassese.
250 _a1st ed.
260 _aOxford :
_bO. U. P.,
_c2012.
300 _axxii, 700 p.
650 0 _aInternational law.
_@0000158696
700 1 _aCassese, Antonio.
_@0000180673
852 1 _9p4725 KES
908 _a131220
950 _@1
999 _c11569
_d11569